000 01696cam a2200337 i 4500
999 _c128699
_d128699
001 18912701
003 ARRUPE
005 20181204100120.0
008 151218s2016 nyu b 001 0 eng
010 _a 2015049415
020 _a9781501318665 (HB)
020 _z9781501318672 (ePub)
020 _z9781501318689 (ePDF)
040 _aDLC
_beng
_cDLC
_erda
_dDLC
042 _apcc
050 0 0 _aB995.L654
_bB38 2016
082 0 0 _a191
_223
100 1 _aBeards, Andrew,
_eauthor.
_9958
245 1 0 _aLonergan, meaning, and method :
_bphilosophical essays /
_cAndrew Beards.
260 _aNew York
_bBloomsbury Academic
_c2016
300 _axii, 287 pages
_c25 cm.
504 _aIncludes bibliographical references (pages 269-275) and index.
505 0 _aGeneralized empirical method -- Knowledge and our limits: Lonergan and Williamson -- Aesthetics: insights from Eldridge, Aquinas and Lonergan -- Cartwright, critical realism, and the laws of science -- Scott Soames on meaning: a critical realist response -- Lonergan on meaning.
600 1 0 _aLonergan, Bernard J. F.
_943755
776 0 8 _iOnline version:
_aBeards, Andrew, author.
_tLonergan, meaning, and method
_dNew York : Bloomsbury Academic, 2016
_z9781501318672
_w(DLC) 2016005829
906 _a7
_bcbc
_corignew
_d1
_eecip
_f20
_gy-gencatlg
942 _2lcc
_cMONOGRAPH